000 00633cam a22002053a 4500
001 45515
003 PGUSA
005 20140828084043.0
008 140427s2014||||xxu|||||s|||||000 | eng d
040 _aPGUSA
_beng
042 _adc
100 1 _aFranklin, Benjamin,
_d1706-1790
245 1 0 _aExperiments and Observations on Electricity made at Philadelphia in America
_h[electronic resource] /
_cBenjamin Franklin
260 _bProject Gutenberg,
_c2014
506 _aPublic domain in the USA.
516 _aElectronic text
830 0 _aProject Gutenberg
_v45515
856 4 0 _uhttp://www.gutenberg.org/ebooks/45515
942 _cEB
999 _c274766
_d274766